O bebé filósofo (Registo nº 16229)
[ vista simples ]
| 000 -Etiqueta do registo | |
|---|---|
| Valores | 00703nam a22002051i 4500 |
| 090 ## - | |
| -- | 16229 |
| 010 ## - Número ISBN | |
| ISBN | 9789896440947 |
| 100 ## - Dados gerais de processamento | |
| Dados gerais | 20170304u u u0frey50 ba |
| 101 1# - Língua de publicação | |
| -- | por |
| -- | eng |
| 200 1# - Titulo e menção de responsabilidade | |
| Primeira menção de responsabilidade | Alison Gopnik |
| Título próprio | O bebé filósofo |
| Informação de outro título | o que as mentes das crianças nos dizem sobre a verdade, o amor e o sentido da vida |
| 215 ## - Descrição física | |
| Paginação / Volumes | 364 p. |
| Dimensões | 23 cm |
| 210 ## - Publicação | |
| Nome do editor | Círculo de Leitores |
| Local de publicação | Lisboa |
| Data de publicação | 2010 |
| 225 2# - Colecção | |
| Título próprio da colecção | Temas e debates |
| 410 #0 - | |
| -- | Temas e debates |
| 702 #1 - Autor secundário (pessoa individual) | |
| Apelido | Vidal |
| Nome | Pedro |
| -- | 730 |
| ID Autoridade | 4228 |
| 702 #1 - Autor secundário (pessoa individual) | |
| Apelido | Ferreira |
| Nome | Pedro Ernesto |
| -- | 675 |
| 700 #1 - Autor principal (pessoa individual) | |
| Apelido | Gopnik |
| Nome | Alison |
| -- | 070 |
| 996 ## - ISO2709 | |
| -- | 0020458 |
| -- | GOP |
| -- | 00000000 |
| -- | 00000000 |
| -- | BMVA |
| -- | 1 |
| -- | Viana do Alentejo |
| -- | Psicologia |
| -- | 25 |
| -- | Livro |
| -- | 0 |
| -- | 1 |
| 990 ## - Elementos KOHA | |
| Tipo de documento | Livro |
| Situação do levantamento | Estado | Biblioteca de origem | Biblioteca de empréstimo | Código de barras | Cota | Permissão de empréstimo | Tipo de documento |
|---|---|---|---|---|---|---|---|
| Completo | Biblioteca Municipal de Viana Do Alentejo | Biblioteca Municipal de Viana Do Alentejo | 0021890 | 159.9 GOP | Disponível | Livro |